000 01330cam a22003737a 4500
003 CHAP
005 20220817042908.0
008 971013s r 00010 d
010 _a59216
011 _a60188
035 _a64348
040 _cCHAP
082 _a630.2515
_bP7
110 _aPrograma Nacional de Desmontes. México
_992337
245 1 3 _aLa agroclimatología en la determinación de áreas factibles de abrirse al cultivo
260 _a(México) :
_bEl Programa,
_c(s.a.)
300 _a108 p.
_b: ilus.
590 _aBATCH-UPD
_b10
_c20130110
_lUCH01
_h1104
590 _aBATCH-UPD
_b10
_c20130410
_lUCH01
_h0656
590 _aBATCH-UPD
_b10
_c20130914
_lUCH01
_h1120
590 _aCONVERSION
_b10
_c20130109
_lUCH01
_h1332
650 1 4 _aCultivos y clima.
_930392
650 1 4 _aCultivos
_xEfecto de las sequías.
_930255
650 1 4 _aFenología.
_940043
650 1 4 _aLuz
_xEfecto en plantas.
_969241
650 1 4 _aMeteorología.
650 1 4 _aPlantas
_xAgua requerida.
_988790
650 1 4 _aTemperatura
_xEfecto en plantas.
_9112219
901 _aBK
942 _cLIBRO
949 _a630.2515 P7
_bBC
_cLIBRO
_d-140115
_eLIBRO
_h40878
_i64348
_mD
_si
949 _a630.2515 P7
_bBC
_cLIBRO
_d33724000564324
_eLIBRO
_fc.6
_h72241
_i64348
_si
949 _a630.2515 P7
_bBC
_cLIBRO
_d33724000584231
_eLIBRO
_fc.3
_h40880
_i64348
_mD
_si
999 _c59216
_d59216